00410pam a2200145 4500020001500000082001200015100002200027245002600049250001100075260005700086300002500143500007000168650001300238650001300251 a003008396600a574 JOH aJohnson,Willis H.00aEssentials of biology a2d ed. aNew York,bHolt, Rinehart and Winstonc[1975, c1972] aviii, 558 p.billus. aFirst ed. (1969) by W. H. Johnson, L. E. DeLanney and T. A. Cole. 0aBiology. 2aBiology.